Erfolgreichste Nationen bei Nordischen Ski WM´s - Statistiken

Allgemein
  • Dieses Quiz wurde 4.038 mal gespielt
    3.674 seit der letzten Aktualisierung
  • Das Durchschnittsergebnis liegt bei 19 aus 24
Antwortstatistiken
Rang Land Gold Silber Bronze % Korrekt
5. Deutschland 60 73 52
99%
1. Norwegen 204 164 148
99%
4. Schweden 75 68 72
99%
3. Finnland 80 90 90
98%
2. Russland 83 80 74
97%
6. Österreich 31 36 46
96%
14. Schweiz 4 8 12
96%
11. Vereinigte Staaten 8 8 9
96%
13. Frankreich 7 4 16
93%
17. Kanada 3 2 3
92%
8. Italien 12 24 24
90%
7. Polen 13 7 13
88%
9. Japan 12 17 21
86%
10. Tschechien 11 20 21
83%
12. Slowenien 8 5 9
80%
23. Slowakei 0 1 0
78%
18. Spanien 1 1 0
76%
15. Estland 3 5 2
71%
22. Ukraine 0 1 2
70%
23. Belarus 0 1 0
62%
19. Südkorea 1 0 0
58%
25. Bulgarien 0 0 1
46%
16. Kasachstan 3 2 5
37%
19. Brasilien 1 0 0
25%
Keine übereinstimmenden Quizze gefunden
Verteilung der Resultate
Anzahl Personen mit jedem Resultat
Perzentil nach korrekt beantworteten Fragen
Ihre Resultats-Entwicklung
Sie haben dieses Quiz seit der letzten Aktualisierung nicht gespielt